000 00511nam a2200193Ia 4500
003 OSt
005 20221007082813.0
006 a|||||r|||| 00| 0
007 ta
008 221006b |||||||| |||| 00| 0 eng d
024 _a23,025
037 _cDissertations
040 _aFLL
_cFLL
_beng
041 _2eng
_aeng
100 _aSingh Vishal
_9699507
245 0 _aCompetition to the victims of crime and the criminal justice system
942 _cDIS
_2CC
999 _c1167781
_d1167781